000 00400nam a2200133Ia 4500
008 231129s9999||||xx |||||||||||||| ||spa||
020 _a84-7232-508-3
040 _bspa
082 _a946.053 P657q
100 _aPinochet de la Barra Oscar
245 0 _aQuiros y su utopia de las Indias Australes
264 _aEdiciones de Cultura Hispanica
942 _2ddc
_cBKS
999 _c23679
_d23679